Subdivision capitals closest to Užice (RS) - Statistics

General Stats
  • This quiz has been taken 18 times
  • The average score is 9 of 20
Answer Stats
Distance (km) Answer % Correct
14 113 Sarajevo
100%
18 117 Beograd
86%
1 41 Čačak
71%
6 87 Kragujevac
71%
7 92 Bijelo Polje
57%
3 68 Pljevlja
57%
2 46 Valjevo
57%
19 118 Kolašin
43%
4 69 Kraljevo
43%
9 101 Šabac
43%
20 120 Tuzla
43%
13 112 Berane
29%
5 73 Goražde
29%
15 115 Jagodina
29%
10 102 Mojkovac
29%
11 106 Petnjica
29%
12 112 Plužine
29%
16 116 Rožaje
29%
17 117 Šavnik
29%
8 97 Žabljak
14%
No matching quizzes found
Score Distribution
Percent of People with Each Score
Percentile by Number Answered
Your Score History
You have not taken this quiz